000 00621aab a2200193 4500
001 768714001
003 CO-MdFUSB
005 20240628163221.0
008 170602s2002 cr ||||| |||| 00| 0 spa d
022 _a1409-1968
040 _aCO-MdFUSB
_bspa
_cCO-MdFUSB
_dCO-MdFUSB
041 _aspa
100 1 _aContreras, Serafín
_eautor
245 1 0 _aCuando las barbas de tu vecino arden...
_c/ Serafín Contreras
300 _aVolumen 20. Número 1 (2002), paginas 22-24
_c: 27 cm.
773 0 _tApuntes Pastorales
_049442
_960155
_gVolumen 20. Número 1 (2002), paginas 22-24
_qPagina 22
942 _cANA
945 _aJTF-925
999 _c60604
_d60604